|
|
|
|
| LEADER |
00601cam a2200193 a 4500 |
| 001 |
0000068615 |
| 005 |
20030916090000.0 |
| 040 |
|
|
|a mod
|
| 041 |
|
|
|a eng
|
| 020 |
0 |
0 |
|a 9837010762
|
| 090 |
0 |
0 |
|a 428.2076
|b ZUR
|e 2002
|
| 100 |
1 |
0 |
|a Zurahani Abd Rahim
|
| 245 |
1 |
0 |
|a Bahasa Inggeris KBSM
|c Zurahani Abd Rahim
|
| 260 |
0 |
0 |
|a Shah Alam
|b Cerdik Publicatins
|c 2002
|
| 300 |
0 |
0 |
|a v, 114ms.
|b ill.
|c 25cm
|
| 440 |
0 |
0 |
|a Persis SPM
|
| 650 |
0 |
0 |
|a English language
|x Examinations, questions, etc.
|
| 650 |
0 |
0 |
|a English language
|x Study and teaching (Secondary)
|
| 999 |
|
|
|a 0218042
|b IKEM
|d BOOKS
|e Buku Teks
|f IKEM
|j AVAILABLE
|q GOOD CONDITION
|